Manual para elaborar manuales de políticas y procedimientos (Registro nro. 22148)

Detalles MARC
000 -Cabecera
Campo de control interno 01197nam a22002657a 4500
005 - Fecha y hora del registro
control field 20260401110551.0
008 - Elementos de Longitud Fija
fixed length control field 260330b |||||||| |||| 00| 0 spa d
020 ## - ISBN
ISBN 9786078756957
082 ## - DEWEY y NOTACIÓN INTERNA
Dewey 658.401
Notación Interna A49
100 ## - AUTOR
Autor denominación Álvarez Torres, Martín G.
Término de relación autor
245 ## - TÍTULO DE MATERIAL BIBLIOGRÁFICO
Título Manual para elaborar manuales de políticas y procedimientos
250 ## - EDICIÓN
Edición Primera edición
260 ## - CIUDAD, EDITORIAL, AÑO
Ciudad Ciudad de México :
Nombre de la Editorial Producciones Sin Sentido Común,
Año 2022
300 ## - DESCRIPCIÓN
N° Páginas 281 páginas :
Otros detalles cuadros, gráficos ;
Dimensiones 23 cm.
440 ## - MENCIÓN DE SERIE
Título de la Serie ;
650 ## - TEMAS
Temas Tecnología (Ciencias Aplicadas)
653 ## - DESCRIPTORES
Lenguajes no controlado Procedimientos administrativos; Técnicas administrativas; Diagramas de flujo; Políticas - Manuales
654 ## - PROGRAMAS
Programa Dpto. de Administración de Negocios
700 ## - OTROS AUTORES
Otros autores ;
856 ## - URL - UBICACIÓN
URI/URL: Enlace exacto del recurso <a href="https://0u20fux4a-y-https-research-ebsco-com.itmsp.museknowledge.com/c/qxo6us/search">https://0u20fux4a-y-https-research-ebsco-com.itmsp.museknowledge.com/c/qxo6us/search</a>
Nota pública: Versión digital <a href="Véase además: Base de datos EBSCOhost">Véase además: Base de datos EBSCOhost</a>
856 ## - URL - UBICACIÓN
URI/URL: Enlace exacto del recurso <a href="https://0u20vux48-y-https-ebookcentral-proquest-com.itmsp.museknowledge.com/lib/catolicasp/home.action">https://0u20vux48-y-https-ebookcentral-proquest-com.itmsp.museknowledge.com/lib/catolicasp/home.action</a>
Nota pública: Versión digital <a href="Véase además: Base de datos ProQuest Ebook Central">Véase además: Base de datos ProQuest Ebook Central</a>
856 ## - URL - UBICACIÓN
URI/URL: Enlace exacto del recurso <a href="https://0u213ux4g-y-https-ebooks7--24-com.itmsp.museknowledge.com/biblioteca.aspx">https://0u213ux4g-y-https-ebooks7--24-com.itmsp.museknowledge.com/biblioteca.aspx</a>
Nota pública: Versión digital <a href="Véase además: Base de datos Ebook7-24">Véase además: Base de datos Ebook7-24</a>
942 ## - ELEMENTOS DE KOHA
Tipo de documento Libro
Nombre del creador Justo Noguera
Código de catalogador Margarita Torres
Suppress in OPAC No
Esquema de clasificación Dewey Decimal Classification
Existencias
Codigo completo Registro Colección Copia número Disponibilidad Tipo de préstamo Biblioteca Actual Procedencia (Biblioteca) Ubicacón Fecha Ingreso Tipo de Adquisición Observación Date last seen Total checkouts Price effective from Tipo de Item Estado del Material Fuente de Clasificación Damaged status Withdrawn status
658.401 A49 1088241 Universidad Católica San Pablo 1 Disponible Disponible Víctor Andrés Belaunde Víctor Andrés Belaunde Primer piso 30/03/2026 Compra Administración de Negocios 30/03/2026   30/03/2026 Libro Bueno Dewey Decimal Classification